[Event "Moscow Smyslov Masters"]
[Site "Moscow"]
[Date "2025.06.04"]
[Round "3"]
[White "Cherniaev, Alexander"]
[Black "Rostovtsev, Dmitry"]
[Result "1/2-1/2"]
[WhiteElo "2301"]
[BlackElo "2429"]
[PlyCount "36"]
[EventDate "2025.06.02"]
[EventType "swiss"]
[EventRounds "9"]
[EventCountry "RUS"]
[SourceTitle "CB29_2025"]
[SourceDate "2025.07.16"]
[SourceVersion "1"]
[SourceVersionDate "2025.07.16"]
[SourceQuality "1"]

1. d4 Nf6 2. c4 g6 3. g3 Bg7 4. Bg2 0-0 5. Nf3 c6 6. 0-0 d5 7. Nbd2 Bf5 8. b3 Ne4 9. Bb2 Nd7 10. Nh4 Nxd2 11. Qxd2 Be6 12. Nf3 h6 13. cxd5 Bxd5 14. Qc2 Nf6 15. Ne5 Bxg2 16. Kxg2 Nd7 17. Nf3 Re8 18. Rfd1 Qb6 1/2-1/2

[Event "Moscow Ivi GP op"]
[Site "Moscow"]
[Date "2025.03.13"]
[Round "9"]
[White "Bardyk, Artem"]
[Black "Cherniaev, Alexander"]
[Result "1/2-1/2"]
[WhiteElo "2257"]
[BlackElo "2306"]
[PlyCount "90"]
[EventDate "2025.03.08"]
[EventType "swiss"]
[EventRounds "10"]
[EventCountry "RUS"]
[SourceTitle "CB12_2025"]
[SourceDate "2025.03.19"]
[SourceVersion "1"]
[SourceVersionDate "2025.03.19"]
[SourceQuality "1"]

1. e4 c5 2. Nf3 Nc6 3. Bb5 Nf6 4. Bxc6 dxc6 5. d3 Bg4 6. Nbd2 Nd7 7. h3 Bxf3 8. Nxf3 e5 9. 0-0 Bd6 10. Nd2 Nf8 11. Nc4 Ne6 12. a4 0-0 13. g3 Bc7 14. Be3 b6 15. h4 Qd7 16. Qg4 Rad8 17. Kh1 f6 18. Bd2 Nd4 19. Qxd7 Rxd7 20. Rac1 a6 21. Ne3 Ra8 22. Kg2 h5 23. Rcd1 Rad8 24. Bc3 Ne6 25. Rb1 Kf7 26. b4 cxb4 27. Bxb4 Ra8 28. Bc3 b5 29. axb5 axb5 30. Ra1 Rdd8 31. Kf3 Bb6 32. Rxa8 Rxa8 33. Ra1 Ra4 34. Ke2 Rxa1 35. Bxa1 g6 36. c3 Ke7 37. Nc2 f5 38. exf5 gxf5 39. Bb2 Bc5 40. d4 exd4 41. cxd4 Bd6 42. d5 cxd5 43. Ne3 f4 44. Nxd5+ Kf7 45. Kf3 fxg3 1/2-1/2

[Event "Moscow Ivi GP op"]
[Site "Moscow"]
[Date "2025.03.11"]
[Round "6"]
[White "Cherniaev, Alexander"]
[Black "Tregubenko, Nikolay"]
[Result "1/2-1/2"]
[WhiteElo "2306"]
[BlackElo "2193"]
[PlyCount "88"]
[EventDate "2025.03.08"]
[EventType "swiss"]
[EventRounds "10"]
[EventCountry "RUS"]
[SourceTitle "CB12_2025"]
[SourceDate "2025.03.19"]
[SourceVersion "1"]
[SourceVersionDate "2025.03.19"]
[SourceQuality "1"]

1. e4 c5 2. Nc3 d6 3. f4 g6 4. Nf3 Bg7 5. Bb5+ Nc6 6. Bxc6+ bxc6 7. d3 Nf6 8. 0-0 0-0 9. Qe1 Nd7 10. Kh1 Rb8 11. b3 e6 12. e5 Qc7 13. exd6 Qxd6 14. Bd2 f5 15. Qh4 Bb7 16. Rae1 Rbe8 17. Qg3 c4 18. dxc4 c5 19. Nb5 Qb6 20. Bc3 Nf6 21. Be5 Ne4 22. Qh4 a6 23. Rd1 Rd8 24. Bxg7 Kxg7 25. Nc3 Nf6 26. Ne5 Rxd1 27. Rxd1 Rd8 28. Qe1 Qa5 29. Rxd8 Qxd8 30. Qd1 Qc7 31. Kg1 g5 32. Qd2 h6 33. Ne2 Be4 34. Nd3 Kg6 35. h3 Bxd3 36. cxd3 e5 37. fxe5 Qxe5 38. d4 cxd4 39. Nxd4 Ne4 40. Qe3 f4 41. Qd3 Kf6 42. Nc2 Ng3 43. Kf2 Nf5 44. Qxf5+ Kxf5 1/2-1/2

[Event "Moscow Ivi GP"]
[Site "Moscow"]
[Date "2024.10.12"]
[Round "10"]
[White "Cherniaev, Alexander"]
[Black "Rojas Salas, Steven Javier"]
[Result "0-1"]
[WhiteElo "2333"]
[BlackElo "2177"]
[PlyCount "96"]
[EventDate "2024.10.05"]
[EventType "swiss"]
[EventRounds "10"]
[EventCountry "RUS"]
[SourceTitle "CB45_2024"]
[Source "ChessBase"]
[SourceDate "2024.11.06"]
[SourceVersion "1"]
[SourceVersionDate "2024.11.06"]
[SourceQuality "1"]

1. e4 e5 2. Nf3 Nf6 3. Nxe5 d6 4. Nf3 Nxe4 5. Qe2 Qe7 6. d3 Nf6 7. Bg5 Qxe2+ 8. Bxe2 Be7 9. Nc3 h6 10. Bf4 Na6 11. 0-0-0 c6 12. Ne4 Kd7 13. Rhe1 Nc7 14. Bf1 Ne6 15. Bd2 Re8 16. c4 Ng4 17. Bc3 d5 18. h3 Nf6 19. Ne5+ Kc7 20. Nxf6 Bxf6 21. cxd5 cxd5 22. Nxf7 Bxc3 23. bxc3 Rf8 24. Ne5 Rxf2 25. Rd2 Rxd2 26. Kxd2 Bd7 27. Be2 Nc5 28. Bf3 Be6 29. Ng6 Kd6 30. Nf4 Rf8 31. d4 Rxf4 32. dxc5+ Kd7 33. Rb1 Kc6 34. Rb4 Rf7 35. Ra4 a6 36. h4 Kxc5 37. a3 Kd6 38. Rb4 Kc5 39. Rd4 a5 40. Ke3 Rc7 41. Kd2 Kd6 42. Rf4 Ke5 43. Ra4 b6 44. g3 Bf5 45. Rf4 g5 46. hxg5 hxg5 47. Rd4 Be4 48. Be2 Rh7 0-1

[Event "St Petersburg Korchnoi Memorial op"]
[Site "St Petersburg"]
[Date "2024.08.17"]
[Round "2"]
[White "Hvozdz, Aliaksandr"]
[Black "Cherniaev, Alexander"]
[Result "0-1"]
[WhiteElo "1975"]
[BlackElo "2352"]
[PlyCount "110"]
[EventDate "2024.08.17"]
[EventType "swiss"]
[EventRounds "9"]
[EventCountry "RUS"]
[SourceTitle "CBM 221 Extra"]
[Source "ChessBase"]
[SourceDate "2024.09.30"]
[SourceVersion "1"]
[SourceVersionDate "2024.09.30"]
[SourceQuality "1"]

1. e4 g6 2. d4 Bg7 3. Nc3 a6 4. a4 d6 5. g3 Nc6 6. Be3 e5 7. dxe5 Nxe5 8. h3 Be6 9. Nd5 Nf6 10. Bg2 0-0 11. Ne2 Nc4 12. Bd4 Bxd5 13. exd5 Nb6 14. a5 Nc8 15. Ra3 Ne7 16. g4 Re8 17. Re3 h5 18. Nc3 c5 19. dxc6 Nxc6 20. Bb6 Rxe3+ 21. Bxe3 Qxa5 22. 0-0 hxg4 23. hxg4 Qb4 24. Nd5 Nxd5 25. Qxd5 Qxg4 26. Qxd6 Be5 27. Qc5 Rd8 28. c3 Bf6 29. f3 Qe6 30. f4 Qg4 31. Qb6 Rd7 32. Kh2 Re7 33. Rf3 Kg7 34. Rg3 Qe2 35. Bf2 Re8 36. Rh3 Bd8 37. Bd4+ Nxd4 38. Qxd4+ Bf6 39. Qd7 b5 40. Qc6 Rd8 41. b3 Qf2 42. Qf3 Qc2 43. b4 Rd2 44. Qa8 Bd8 45. Qb7 Qf5 46. Qb8 Qg4 47. Qe5+ Bf6 48. Qe4 Qd7 49. Qf3 Qc7 50. Qe4 Ra2 51. Rf3 Ra3 52. Qa8 Rxc3 53. Rxc3 Bxc3 54. Kg3 Be1+ 55. Kg4 Qd7+ 0-1

[Event "BCF-chT 2324 (4NCL)"]
[Site "England"]
[Date "2024.05.06"]
[Round "11.6"]
[White "Cherniaev, Alexander"]
[Black "Gordon, Frederick"]
[Result "1/2-1/2"]
[WhiteElo "2363"]
[BlackElo "2358"]
[PlyCount "37"]
[EventDate "2023.11.11"]
[EventType "team-tourn"]
[EventRounds "11"]
[EventCountry "ENG"]
[SourceTitle "EXT 2025"]
[Source "ChessBase"]
[SourceDate "2024.10.14"]
[SourceVersion "1"]
[SourceVersionDate "2024.10.14"]
[SourceQuality "1"]
[WhiteTeam "Barnet Knights"]
[BlackTeam "Alba"]
[WhiteTeamCountry "ENG"]
[BlackTeamCountry "ENG"]

1. e4 e5 2. Nf3 Nc6 3. Bb5 a6 4. Ba4 Nf6 5. 0-0 Be7 6. Re1 b5 7. Bb3 0-0 8. d4 Nxd4 9. Bxf7+ Rxf7 10. Nxe5 Rf8 11. Qxd4 Bb7 12. Nc3 c5 13. Qd1 b4 14. Nd5 Nxd5 15. exd5 Bd6 16. f4 Qc7 17. c4 bxc3 18. bxc3 c4 19. Be3 1/2-1/2

[Event "BCF-chT 2324 (4NCL)"]
[Site "England"]
[Date "2024.05.05"]
[Round "10.5"]
[White "Cherniaev, Alexander"]
[Black "Nasuta, Grzegorz"]
[Result "1/2-1/2"]
[WhiteElo "2363"]
[BlackElo "2547"]
[PlyCount "35"]
[EventDate "2023.11.11"]
[EventType "team-tourn"]
[EventRounds "11"]
[EventCountry "ENG"]
[SourceTitle "EXT 2025"]
[Source "ChessBase"]
[SourceDate "2024.10.14"]
[SourceVersion "1"]
[SourceVersionDate "2024.10.14"]
[SourceQuality "1"]
[WhiteTeam "Barnet Knights"]
[BlackTeam "The Sharks"]
[WhiteTeamCountry "ENG"]
[BlackTeamCountry "ENG"]

1. e4 e5 2. Nf3 Nc6 3. Bb5 a6 4. Ba4 Nf6 5. 0-0 b5 6. Bb3 Bc5 7. a4 Rb8 8. Nxe5 Nxe5 9. d4 Bxd4 10. Qxd4 d6 11. Bf4 c5 12. Qd2 0-0 13. f3 c4 14. Ba2 Be6 15. Nc3 b4 16. Ne2 b3 17. Bb1 Qc7 18. Rd1 1/2-1/2

[Event "BCF-chT 2324 (4NCL)"]
[Site "England"]
[Date "2024.05.04"]
[Round "9.6"]
[White "Claridge Hansen, William"]
[Black "Cherniaev, Alexander"]
[Result "1-0"]
[WhiteElo "2345"]
[BlackElo "2363"]
[PlyCount "91"]
[EventDate "2023.11.11"]
[EventType "team-tourn"]
[EventRounds "11"]
[EventCountry "ENG"]
[SourceTitle "EXT 2025"]
[Source "ChessBase"]
[SourceDate "2024.10.14"]
[SourceVersion "1"]
[SourceVersionDate "2024.10.14"]
[SourceQuality "1"]
[WhiteTeam "Oxford"]
[BlackTeam "Barnet Knights"]
[WhiteTeamCountry "ENG"]
[BlackTeamCountry "ENG"]

1. d4 c5 2. d5 e5 3. e4 d6 4. Bb5+ Nd7 5. a4 Be7 6. Nf3 Ngf6 7. Nc3 0-0 8. h3 Ne8 9. 0-0 Kh8 10. Bd3 Ndf6 11. Kh2 g6 12. Bh6 Ng7 13. Nd2 Ng8 14. Be3 f5 15. exf5 gxf5 16. f4 e4 17. Be2 Bf6 18. Nc4 Bxc3 19. bxc3 Nf6 20. Bc1 h5 21. g3 Kg8 22. Ne3 Kf7 23. c4 Rh8 24. Bb2 Bd7 25. Bc3 Qc7 26. Rg1 Rh6 27. Ra3 Rah8 28. Qa1 Bc8 29. Rb3 Qe7 30. Be1 Rg6 31. Rg2 Rg8 32. Bf2 Nge8 33. Kg1 Kf8 34. Qd1 Qh7 35. Qf1 R6g7 36. Be1 Qh6 37. Qf2 h4 38. gxh4 Rxg2+ 39. Nxg2 Nh5 40. Bxh5 Qxh5 41. Rg3 Rxg3 42. Qxg3 Bd7 43. a5 Nf6 44. Bc3 Qd1+ 45. Kh2 Nh5 46. Qg6 1-0

[Event "BCF-chT 2324 (4NCL)"]
[Site "England"]
[Date "2024.01.13"]
[Round "3.1"]
[White "Cherniaev, Alexander"]
[Black "Shirov, Alexei"]
[Result "0-1"]
[WhiteElo "2363"]
[BlackElo "2657"]
[PlyCount "48"]
[EventDate "2023.11.11"]
[EventType "team-tourn"]
[EventRounds "11"]
[EventCountry "ENG"]
[SourceTitle "CBM 219 Extra"]
[Source "ChessBase"]
[SourceDate "2024.05.31"]
[SourceVersion "1"]
[SourceVersionDate "2024.05.31"]
[SourceQuality "1"]
[WhiteTeam "Barnet Knights"]
[BlackTeam "Manx Liberty"]
[WhiteTeamCountry "ENG"]
[BlackTeamCountry "ENG"]

1. Nf3 d5 2. g3 Nf6 3. Bg2 c6 4. c4 dxc4 5. Na3 b5 6. d3 Bb7 7. 0-0 Nbd7 8. dxc4 b4 9. Nc2 c5 10. Bf4 e6 11. a3 Qb6 12. axb4 cxb4 13. Ncd4 Bc5 14. Nb5 0-0 15. Bc7 Qc6 16. Ne1 Ne4 17. Ba5 Ne5 18. Qc2 Nxc4 19. Rc1 Nxa5 20. Bxe4 Qxe4 21. Qxe4 Bxe4 22. Rxc5 Nb3 23. Rc4 Nd2 24. Rxb4 Rab8 0-1

[Event "Hastings Masters op 97th"]
[Site "Hastings"]
[Date "2024.01.05"]
[Round "9"]
[White "Cherniaev, Alexander"]
[Black "Nielsen, Andre"]
[Result "1/2-1/2"]
[WhiteElo "2381"]
[BlackElo "2239"]
[PlyCount "60"]
[EventDate "2023.12.28"]
[EventType "swiss"]
[EventRounds "9"]
[EventCountry "ENG"]
[SourceTitle "CBM 218 Extra"]
[Source "ChessBase"]
[SourceDate "2024.03.31"]
[SourceVersion "1"]
[SourceVersionDate "2024.03.31"]
[SourceQuality "1"]

1. e4 e5 2. Nf3 Nc6 3. Bb5 a6 4. Ba4 Nf6 5. 0-0 Bc5 6. c3 b5 7. Bc2 d5 8. d4 dxe4 9. Nbd2 exf3 10. Qxf3 Be7 11. Qxc6+ Bd7 12. Qf3 exd4 13. cxd4 0-0 14. Ne4 Nxe4 15. Bxe4 Rc8 16. Be3 Bd6 17. Rac1 Qh4 18. h3 Rce8 19. Bc6 Bxc6 20. Rxc6 f5 21. Rxa6 Qe4 22. Qxe4 Rxe4 23. g3 Bxg3 24. fxg3 Rxe3 25. Kg2 Rd3 26. Rc6 Rxd4 27. Rxc7 Rd2+ 28. Rf2 Rfd8 29. Rc2 Rxc2 30. Rxc2 Rd3 1/2-1/2

[Event "Hastings Masters op 97th"]
[Site "Hastings"]
[Date "2023.12.28"]
[Round "1"]
[White "Cherniaev, Alexander"]
[Black "Teh, Wee Zhun"]
[Result "1-0"]
[WhiteElo "2381"]
[BlackElo "1858"]
[PlyCount "111"]
[EventDate "2023.12.28"]
[EventType "swiss"]
[EventRounds "9"]
[EventCountry "ENG"]
[SourceTitle "EXT 2025"]
[Source "ChessBase"]
[SourceDate "2024.10.14"]
[SourceVersion "1"]
[SourceVersionDate "2024.10.14"]
[SourceQuality "1"]

1. Nf3 d5 2. g3 c6 3. Bg2 Nf6 4. c4 dxc4 5. Na3 b5 6. d3 e6 7. 0-0 cxd3 8. Ne5 Bxa3 9. Nxc6 Nxc6 10. Bxc6+ Bd7 11. Bxa8 Bc5 12. Bg2 dxe2 13. Qxe2 h6 14. Be3 Qb6 15. Bxc5 Qxc5 16. Rac1 Qb6 17. Rfd1 0-0 18. Qe3 Qa5 19. a3 b4 20. Qd2 Rb8 21. Rc4 Ba4 22. Rxb4 Rxb4 23. Qd8+ Qxd8 24. Rxd8+ Kh7 25. axb4 Bb5 26. Ra8 a6 27. Bf1 Nd5 28. Bxb5 axb5 29. Rb8 Nxb4 30. Rxb5 Nc6 31. Rc5 Nb4 32. Rc4 Nd5 33. Kf1 Kg6 34. Ke2 Kf6 35. Ra4 g5 36. Ra7 Kg6 37. Rd7 Nb6 38. Rb7 Nd5 39. Kd3 f6 40. Kd4 h5 41. b4 h4 42. g4 h3 43. Ke4 Nc3+ 44. Kf3 f5 45. b5 f4 46. b6 Nd5 47. Rg7+ Kxg7 48. b7 Ne7 49. b8Q Ng6 50. Ke4 Nf8 51. Qd8 Nh7 52. Ke5 Kf7 53. Qd7+ Kg8 54. Qxe6+ Kg7 55. Kf5 Kf8 56. Kg6 1-0

[Event "London IM"]
[Site "London"]
[Date "2023.12.09"]
[Round "9"]
[White "Ribeiro, Gustavo"]
[Black "Cherniaev, Alexander"]
[Result "1-0"]
[WhiteElo "2187"]
[BlackElo "2381"]
[PlyCount "71"]
[EventDate "2023.12.05"]
[EventType "tourn"]
[EventRounds "9"]
[EventCountry "ENG"]
[SourceTitle "CBM 217 Extra"]
[Source "ChessBase"]
[SourceDate "2024.01.31"]
[SourceVersion "1"]
[SourceVersionDate "2024.01.31"]
[SourceQuality "1"]
[WhiteTeam "Norm Seeker III"]
[BlackTeam "GM/IM Team"]
[WhiteTeamCountry "ENG"]
[BlackTeamCountry "ENG"]

1. e4 e5 2. Nf3 Nc6 3. Bc4 Nf6 4. Ng5 d5 5. exd5 Na5 6. Bb5+ Bd7 7. Qe2 Bd6 8. Nc3 0-0 9. Bxd7 Qxd7 10. a3 b6 11. 0-0 c6 12. b4 Nb7 13. dxc6 Qxc6 14. Bb2 h6 15. Nge4 Nxe4 16. Qxe4 Rac8 17. Rac1 f5 18. Qd5+ Kh7 19. d3 Nd8 20. Rfe1 Nf7 21. Qxc6 Rxc6 22. Nd5 g5 23. h3 h5 24. f3 h4 25. c4 Rd8 26. a4 Bf8 27. b5 Rcc8 28. Kf1 Bd6 29. Re2 f4 30. Ra1 Nh6 31. Bxe5 Nf5 32. Bxd6 Rxd6 33. Re5 Rxd5 34. cxd5 Ne3+ 35. Rxe3 fxe3 36. Ke2 1-0

[Event "London IM"]
[Site "London"]
[Date "2023.12.06"]
[Round "4"]
[White "Cherniaev, Alexander"]
[Black "Collins, Adam"]
[Result "0-1"]
[WhiteElo "2381"]
[BlackElo "2183"]
[PlyCount "150"]
[EventDate "2023.12.05"]
[EventType "tourn"]
[EventRounds "9"]
[EventCountry "ENG"]
[SourceTitle "CBM 217 Extra"]
[Source "ChessBase"]
[SourceDate "2024.01.31"]
[SourceVersion "1"]
[SourceVersionDate "2024.01.31"]
[SourceQuality "1"]
[WhiteTeam "GM/IM Team"]
[BlackTeam "Norm Seeker III"]
[WhiteTeamCountry "ENG"]
[BlackTeamCountry "ENG"]

1. e4 c5 2. Nc3 Nc6 3. Bb5 Nd4 4. Nf3 a6 5. Bd3 Nc6 6. 0-0 d6 7. Re1 Bg4 8. Be2 Nf6 9. d3 e6 10. Bf4 Be7 11. a3 Rc8 12. h3 Bxf3 13. Bxf3 0-0 14. g3 Qb6 15. Rb1 Rfd8 16. Bg2 Qc7 17. Qd2 b5 18. Nd1 a5 19. Nc3 Rb8 20. a4 bxa4 21. Nxa4 Nd4 22. b3 Nd7 23. Qd1 Bf6 24. Bd2 Nc6 25. Kh2 Nb6 26. Nc3 Bxc3 27. Bxc3 e5 28. Bd2 Nb4 29. f4 a4 30. bxa4 Nxa4 31. c3 Nxd3 32. Qxa4 Nxe1 33. Rxe1 Rb2 34. Bc1 Rb1 35. Rd1 Rbb8 36. Qc4 Kh8 37. fxe5 dxe5 38. Rxd8+ Rxd8 39. Be3 Rc8 40. h4 Qe7 41. h5 Qe6 42. Qe2 Qd6 43. Qc4 Qe6 44. Qxe6 fxe6 45. Bh3 Rc6 46. Bf1 Kg8 47. Bb5 Rc7 48. c4 Kf7 49. Bg5 Ra7 50. Bd8 Rb7 51. Kg2 Kf8 52. Kf3 Kf7 53. Kg4 h6 54. Kh4 Ra7 55. Bb6 Ra2 56. Kg4 Re2 57. Kf3 Rh2 58. Bxc5 Rxh5 59. Bd6 Rh1 60. Bxe5 g5 61. c5 Rb1 62. Bd3 Rc1 63. Bd6 h5 64. Be2 Rc3+ 65. Kf2 h4 66. Bh5+ Kf6 67. Bg4 Rc2+ 68. Kf3 Rc3+ 69. Kg2 Rc2+ 70. Kh3 Rc3 71. Bh5 e5 72. Kh2 Rc2+ 73. Kh1 Rc1+ 74. Kg2 Rc2+ 75. Kf3 h3 0-1

[Event "London Mindsports op"]
[Site "London"]
[Date "2023.09.14"]
[Round "4"]
[White "Stoyanov, Viktor"]
[Black "Cherniaev, Alexander"]
[Result "1/2-1/2"]
[WhiteElo "2262"]
[BlackElo "2390"]
[PlyCount "72"]
[EventDate "2023.09.13"]
[EventType "swiss"]
[EventRounds "9"]
[EventCountry "ENG"]
[SourceTitle "CBM 216 Extra"]
[Source "ChessBase"]
[SourceDate "2023.11.30"]
[SourceVersion "1"]
[SourceVersionDate "2023.11.30"]
[SourceQuality "1"]

1. d4 Nc6 2. Nf3 d6 3. g3 Nf6 4. Bg2 g6 5. 0-0 Bg7 6. c4 0-0 7. Nc3 Rb8 8. d5 Na5 9. Nd2 Nd7 10. Qc2 Ne5 11. b3 c6 12. Bb2 b5 13. cxb5 cxb5 14. a3 Qb6 15. h3 Ba6 16. Rfc1 Rfc8 17. Qd1 Rc7 18. Rab1 Bh6 19. Ba1 Rbc8 20. Na2 f6 21. Rxc7 Rxc7 22. Nb4 Bc8 23. Ne4 Bd7 24. Bd4 Qb7 25. f4 Nf7 26. Qd2 Qc8 27. Kh2 Bg7 28. e3 h5 29. Nd3 Nb7 30. Rc1 f5 31. Rxc7 Qxc7 32. Qc3 Qxc3 33. Nxc3 Na5 34. Nc1 a6 35. Bf1 e5 36. dxe6 Bxe6 1/2-1/2